Score 0/198 Timer 20:00
0 Plays Today
- Cyclist % Correct
Tour de FranceNeutralized stage
99.6%
Santos Tour Down UnderPeter Sagan
98.5%
Tirreno - AdriaticoPeter Sagan
98.5%
Amgen Tour of CaliforniaPeter Sagan
98.5%
Tour de SuissePeter Sagan
98.5%
Tour de SuissePeter Sagan
98.5%
Tour de FrancePeter Sagan
98.5%
One Day RacesPeter Sagan
98.5%
Santos Tour Down UnderCaleb Ewan
97.7%
Paris - NiceCaleb Ewan
97.7%
Paris - NiceCaleb Ewan
97.7%
Giro d'ItaliaCaleb Ewan
97.7%
Tour de FranceCaleb Ewan
97.7%
One Day RacesCaleb Ewan
97.7%
One Day RacesCaleb Ewan
97.7%
Tour de PologneNeutralized stage
97.3%
UAE TourElia Viviani
96.9%
Tirreno - AdriaticoAdam Yates
96.9%
Tirreno - AdriaticoAdam Yates
96.9%
Volta Cyclista a CatalunyaAdam Yates
96.9%
Giro d'ItaliaElia Viviani
96.9%
Giro d'ItaliaElia Viviani
96.9%
Giro d'ItaliaElia Viviani
96.9%
Tour de SuisseElia Viviani
96.9%
Tour de FranceElia Viviani
96.9%
Tour de FranceElia Viviani
96.9%
UAE TourPrimoz Roglic
96.5%
UAE TourAlejandro Valverde
96.5%
Paris - NiceNairo Quintana
96.5%
Tirreno - AdriaticoPrimoz Roglic
96.5%
Volta Cyclista a CatalunyaAlejandro Valverde
96.5%
Tour de RomandiePrimoz Roglic
96.5%
Giro d'ItaliaSimon Yates
96.5%
Giro d'ItaliaSimon Yates
96.5%
Tour de FranceGeraint Thomas
96.5%
Tour de FranceAlejandro Valverde
96.5%
Tour de FranceGeraint Thomas
96.5%
Vuelta a EspañaPrimoz Roglic
96.5%
Vuelta a EspañaNairo Quintana
96.5%
Vuelta a EspañaPrimoz Roglic
96.5%
Vuelta a EspañaPrimoz Roglic
96.5%
Vuelta a EspañaAlejandro Valverde
96.5%
Vuelta a EspañaAlejandro Valverde
96.5%
One Day RacesAlejandro Valverde
96.5%
Itzulia Basque CountryDan Martin
96.1%
Itzulia Basque CountryDan Martin
96.1%
Critérium du DauphinéGuillaume Martin
96.1%
Volta Cyclista a CatalunyaEgan Bernal
95.4%
Tour de SuisseEgan Bernal
95.4%
Presidential Tour of TurkeySam Bennett
95%
Tour de RomandieSam Bennett
95%
Critérium du DauphinéSam Bennett
95%
Critérium du DauphinéJakob Fuglsang
95%
Tour de FranceThibaut Pinot
95%
Tour de FranceThibaut Pinot
95%
Binck Bank TourSam Bennett
95%
Vuelta a EspañaSam Bennett
95%
Vuelta a EspañaSam Bennett
95%
Vuelta a EspañaSam Bennett
95%
Vuelta a EspañaSam Bennett
95%
One Day RacesJakob Fuglsang
95%
One Day RacesJakob Fuglsang
95%
One Day RacesSam Bennett
95%
Tour de FranceJulian Alaphilippe
94.6%
Tirreno - AdriaticoGreg van Avermaet
94.2%
Binck Bank TourGreg van Avermaet
94.2%
- Cyclist % Correct
One Day RacesGreg van Avermaet
94.2%
One Day RacesGreg van Avermaet
94.2%
UAE TourFernando Gaviria
93.4%
UAE TourFernando Gaviria
93.4%
Giro d'ItaliaFernando Gaviria
93.4%
Giro d'ItaliaVincenzo Nibali
93.4%
Tour de PologneFernando Gaviria
93.4%
Tour de PologneFernando Gaviria
93.4%
One Day RacesFernando Gaviria
93.4%
Paris - NiceOliver Naesen
93.1%
Binck Bank TourOliver Naesen
93.1%
One Day RacesOliver Naesen
93.1%
Critérium du DauphinéWout van Aert
92.3%
Tour de FranceWout van Aert
92.3%
Tour de FranceDylan Groenewegen
92.3%
Tour de FranceRomain Bardet
92.3%
Tour de FranceDylan Groenewegen
92.3%
Binck Bank TourDylan Groenewegen
92.3%
One Day RacesWout van Aert
92.3%
Volta Cyclista a CatalunyaMichael Matthews
91.5%
Tour de SuisseMichael Matthews
91.5%
Tour de FranceMichael Matthews
91.5%
Paris - NiceNils Politt
91.1%
Tour de SuisseKasper Asgreen
91.1%
Tour de FranceKasper Asgreen
91.1%
One Day RacesJohn Degenkolb
91.1%
One Day RacesKasper Asgreen
91.1%
One Day RacesNils Politt
91.1%
One Day RacesJohn Degenkolb
91.1%
Tour de FranceTeam Ineos
90.7%
Tour de FranceAlexander Kristoff
90.7%
Paris - NiceArnaud Démare
90%
Giro d'ItaliaArnaud Démare
90%
Giro d'ItaliaArnaud Démare
90%
Tour de RomandieRui Costa
89.2%
Tour de RomandieRui Costa
89.2%
Tour de RomandieRui Costa
89.2%
Giro d'ItaliaPascal Ackermann
88.8%
Gree-Tour of GuangzhiPascal Ackermann
88.8%
Gree-Tour of GuangzhiPascal Ackermann
88.8%
Gree-Tour of GuangzhiPascal Ackermann
88.8%
Volta Cyclista a CatalunyaEnric Mas
88.4%
Amgen Tour of CaliforniaMaximiliano Richeze
88.4%
Vuelta a EspañaMaximiliano Richeze
88.4%
One Day RacesDavide Formolo
88%
Paris - NiceMiguel Ángel López
87.3%
Santos Tour Down UnderRichie Porte
86.5%
Vuelta a EspañaNicolas Roche
84.6%
Presidential Tour of TurkeyFabio Jakobsen
84.2%
Presidential Tour of TurkeyFabio Jakobsen
84.2%
Amgen Tour of CaliforniaTejay van Garderen
83.8%
Amgen Tour of CaliforniaSergio Higuita
83.8%
Amgen Tour of CaliforniaSergio Higuita
83.8%
Critérium du DauphinéTejay van Garderen
83.8%
Critérium du DauphinéTejay van Garderen
83.8%
Tour de FranceGiulio Ciccone
83.4%
Tour de SuisseRohan Dennis
83%
Tour de SuisseRohan Dennis
83%
Santos Tour Down UnderWout Poels
82.6%
Vuelta a EspañaDylan Teuns
82.6%
UAE TourTom Dumoulin
82.2%
Volta Cyclista a CatalunyaMaximilian Schachmann
82.2%
Itzulia Basque CountryTadej Pogacar
81.9%
Giro d'ItaliaEsteban Chaves
81.9%
Tour de PolognePavel Sivakov
81.9%
Paris - NiceThomas de Gendt
81.5%
- Cyclist % Correct
Tour de FranceTiesj Benoot
81.5%
One Day RacesSimon Clarke
81.5%
One Day RacesTiesj Benoot
81.5%
Itzulia Basque CountryDaniel Felipe Martínez
81.1%
Giro d'ItaliaMikel Landa
81.1%
Gree-Tour of GuangzhiDaniel Felipe Martínez
81.1%
Gree-Tour of GuangzhiDaniel Felipe Martínez
81.1%
Santos Tour Down UnderLuis León Sánchez
80.7%
Itzulia Basque CountryIon Izagirre
80.3%
Itzulia Basque CountryDiego Ulissi
79.9%
One Day RacesDiego Ulissi
79.9%
Tour de RomandieDavid Gaudu
79.5%
Santos Tour Down UnderPatrick Bevin
77.2%
Tirreno - AdriaticoTeam Jumbo - Visma
77.2%
Vuelta a EspañaPatrick Bevin
77.2%
Tirreno - AdriaticoAlberto Bettiol
76.8%
Vuelta a EspañaDeceuninck - Quick Step
74.1%
Critérium du DauphinéPhilippe Gilbert
73.7%
One Day RacesAnthony Turgis
71.8%
Tour de FrancePello Bilbao
69.9%
Binck Bank TourEdward Theuns
69.1%
Vuelta a EspañaEdward Theuns
69.1%
Amgen Tour of CaliforniaJasper Philipsen
68.3%
Binck Bank TourJasper Philipsen
68.3%
Vuelta a EspañaJetse Bol
68.3%
Tour de SuisseMaciej Bodnar
68%
Vuelta a EspañaTao Geoghegan Hart
67.2%
Giro d'ItaliaMikel Nieve
66.8%
Presidential Tour of TurkeyFelix Grossschartner
66%
Volta Cyclista a CatalunyaGregor Mühlberger
65.3%
Critérium du DauphinéGregor Mühlberger
65.3%
Binck Bank TourMarc Hirschi
64.9%
Tour de RomandieVictor Campenaerts
64.1%
Giro d'ItaliaVictor Campenaerts
64.1%
Giro d'ItaliaVictor Campenaerts
64.1%
Paris - NiceIvan García Cortina
62.9%
Presidential Tour of TurkeyValerio Conti
62.2%
Presidential Tour of TurkeyValerio Conti
62.2%
Giro d'ItaliaValerio Conti
62.2%
Critérium du DauphinéJack Haig
58.7%
UAE TourTeam Sunweb
56%
Giro d'ItaliaJan Hirt
56%
Tour de SuisseDomenico Pozzovivo
54.4%
Tirreno - AdriaticoDavide Cimolai
50.6%
Giro d'ItaliaDamiano Caruso
49.8%
Giro d'ItaliaTony Gallopin
48.3%
Amgen Tour of CaliforniaBen King
48.3%
Itzulia Basque CountryBjorg Lambrecht
46.7%
Santos Tour Down UnderMax Walscheid
46.3%
Volta Cyclista a CatalunyaPhil Bauhaus
45.9%
Gree-Tour of GuangzhiJuan Sebastián Molano
43.6%
Vuelta a EspañaRuben Guerreiro
42.1%
Tour de PologneNeilson Powless
41.7%
Binck Bank TourEduardo Affini
41.3%
UAE TourMatteo Moschetti
40.5%
Giro d'ItaliaMattia Cattaneo
40.5%
Vuelta a EspañaAlex Aranburu
38.6%
Vuelta a EspañaAlex Aranburu
38.6%
Presidential Tour of TurkeyJuan José Lobato
37.1%
Gree-Tour of GuangzhiAlexandr Riabushenko
34.4%
Tour de PologneJai Hindley
33.6%
Tour de PologneDanny van Poppel
32.8%
Giro d'ItaliaAndrea Vendrame
30.5%
Amgen Tour of CaliforniaTavis McCabe
20.1%
Tour de PologneEduard Prades
18.1%
Vuelta a EspañaJonathan Lastra
15.1%
Remove Ads.
Support Sporcle.
Get the best of Sporcle when you Go Orange. This ad-free experience offers more features, more stats, and more fun while also helping to support Sporcle. Thank you for becoming a member.

You're not logged in!

Compare scores with friends on all Sporcle quizzes.
OR
Log In

Show Comments

Extras

Top Quizzes Today


Score Distribution

Your Account Isn't Verified!

In order to create a playlist on Sporcle, you need to verify the email address you used during registration. Go to your Sporcle Settings to finish the process.

Report this User

Report this user for behavior that violates our Community Guidelines.

Details: